000 002690000a22000970004500
100 1 _aBaum, Armin Daniel (1965-)
245 1 0 _aPapias als kommentator evangelischer
300 _aVol. 38, Num. 3 (Julio, 1996), Páginas 257-276
773 0 _tNovum Testamentum
942 _cANA
999 _c56926
_d56926